000
00295nam a2200109Ia 4500
008
200302s9999 xx 000 0 und d
100
_a
K. Narayan Reddy
245
_a
Urban Redevelopment A Study of High-Rise Buildings
260
_b
Concept Publishing Co. Ltd.
260
_c
1996
300
_a
151 P.,
999
_c
5540
_d
5540